| 000 | 00549nam a2200193 a 4500 | ||
|---|---|---|---|
| 001 | 3204 | ||
| 003 | CDMR | ||
| 005 | 20131021130921.0 | ||
| 008 | 130130s1980||||||||||||||||||||||||||||d | ||
| 020 | _a847465033X | ||
| 040 |
_aCDMR _bcat _cCPC GIRONA |
||
| 100 | 1 |
_aCebrián, Juan Luís _91683 |
|
| 245 | 1 | 3 |
_aLa prensa y la calle _b: escritos sobre periodismo _cJuan Luis Cebrián |
| 260 |
_c1980 _bNuestra Cultura |
||
| 490 | 0 |
_aMano y cerebro _v17 |
|
| 490 | 0 | _aCiencia y política | |
| 650 | 0 | 4 |
_94150 _aLlibertat d'impremta _zEspanya |
| 942 |
_cMON _2udc |
||
| 999 |
_c3204 _d3204 |
||